Arsenal players with the most appareances each season - Statistics

General Stats
  • This quiz has been taken 19 times
  • The average score is 16 of 26
Answer Stats
Hint Answer % Correct
2022/23 Gabriel Magalhães / Bukayo Saka (48)
100%
2021/22 Bukayo Saka (43)
94%
2023/24 Kai Havertz / Ben White / Declan Rice (51)
89%
2000/01 Thierry Henry (53)
83%
2002/03 Thierry Henry (55)
83%
2018/19 Pierre-Emerick Aubameyang / Alex Iwobi (51)
78%
2019/20 Pierre-Emerick Aubameyang / Joe Willock (44)
78%
2001/02 Patrick Vieira (54)
72%
2012/13 Santi Cazorla (49)
72%
2014/15 Santi Cazorla (53)
72%
2011/12 Wojciech Szczesny / Robin van Persie (48)
72%
2016/17 Alexis Sánchez (51)
67%
2005/06 Cesc Fàbregas (50)
67%
2006/07 Cesc Fàbregas (54)
67%
2017/18 Granit Xhaka (48)
56%
2004/05 Kolo Touré (50)
56%
2003/04 Kolo Touré (55)
56%
2024/25 Leandro Trossard (45)*
50%
2015/16 Olivier Giroud (53)
50%
2020/21 Bernd Leno (49)
39%
2013/14 Per Mertesacker (52)
39%
2007/08 Gaël Clichy (49)
33%
2009/10 Thomas Vermaelen (45)
33%
1999/00 Nwankwo Kanu (50)
28%
2010/11 Andrey Arshavin (52)
22%
2008/09 Denílson (51)
22%
No matching quizzes found
Score Distribution
Percent of People with Each Score
Percentile by Number Answered
Your Score History
You have not taken this quiz